| 000 | 01018nam a2200325Ia 4500 | ||
|---|---|---|---|
| 003 | OSt | ||
| 005 | 20220912151345.0 | ||
| 006 | a|||||r|||| 00| 0 | ||
| 007 | ta | ||
| 008 | 220909b |||||||| |||| 00| 0 eng d | ||
| 020 | _a8187169206 (pbk) | ||
| 024 | _a11157 | ||
| 037 | _bUnilib, | ||
| 037 | _cTextbook | ||
| 040 |
_aCSL _beng _cCSL |
||
| 041 | _aeng | ||
| 082 | _aC21, N5;2 TC | ||
| 100 | _aLim Yung-Kuo Ed | ||
| 110 | _aUniversity of Science and Technology of China, the Physics Coaching Class^fComp | ||
| 245 | 0 | _aProblems and solutions on solid stste physics, relativity and miscellaneous topics | |
| 260 |
_aSingapore _bWorld Scientific _c1995 |
||
| 300 | _aix, 354p | ||
| 490 | _aMajor American Universities Ph.D. qualifying questions and solutions | ||
| 500 |
_aIndex 347-354p. _ccm. |
||
| 650 | _a Solid state | ||
| 650 | _aPhysics | ||
| 942 |
_hC21, N5;2 TC _cTB _2CC |
||
| 999 |
_c66907 _d66907 |
||